000 00525nam a22001577a 4500
005 20251108173102.0
008 250721s1994 xx 000 0 ara d
082 1 4 _a943/فال
100 1 _aفالنتين، فا يت
245 1 0 _aتاريخ الألمان مع عرض موجز للتاريخ الألماني حتى الوقت الحاضر 1945 _ 1990 /
264 1 _aدمشق :
_bالأبجدية للنشر،
_c1994.
300 _a581ص.
650 1 7 _aتاريخ ألمانيا
942 _2ddc
_cBK
999 _c95712
_d95712